LEADER 02472nam 2200553 a 450 001 9910452181303321 005 20200520144314.0 010 $a0-8166-9426-5 035 $a(CKB)1000000000346796 035 $a(EBL)310567 035 $a(OCoLC)476095131 035 $a(SSID)ssj0000278506 035 $a(PQKBManifestationID)11207081 035 $a(PQKBTitleCode)TC0000278506 035 $a(PQKBWorkID)10259020 035 $a(PQKB)10502729 035 $a(MiAaPQ)EBC310567 035 $a(Au-PeEL)EBL310567 035 $a(CaPaEBR)ebr10151265 035 $a(OCoLC)191953061 035 $a(EXLCZ)991000000000346796 100 $a20010905d2002 ub i 101 0 $aeng 135 $aur|n|---||||| 181 $ctxt 182 $cc 183 $acr 200 10$aDear colleague$b[electronic resource] $ecommon and uncommon observations /$fYi-Fu Tuan 210 $aMinneapolis $cUniversity of Minnesota Press$dc2002 215 $a1 online resource (236 p.) 300 $aDescription based upon print version of record. 311 $a0-8166-4056-4 311 $a0-8166-4055-6 327 $aContents; Introduction; Nature; Civilization and City; Politics and Ideology; Culture, Society, Work; Home, Rootedness, Place; Human Ties and Isolation; Ancestors; Sex; Male and Female; Power; Education, Teaching, Knowledge; Geography; History; Aesthetics; Intellect; Language; Morality; Religion; Stages of Life; A Sense of Ending 330 $aMaybe the most influential scholar you've never heard of was how a feature article in The Chronicle of Higher Education recently described Yi-Fu Tuan, a widely traveled Chinese-American geographer whose letters to his friends and colleagues, distilling observations, ideas, and experiences, have carried his insights, and his reputation, far beyond his chosen field. Culling the most characteristic thoughts and compelling moments from these prized letters, Dear Colleague at long last gives readers near and far the opportunity to share what Tuan's correspondents have already enjoyed. 606 $aGeographers$zUnited States$vCorrespondence 606 $aHuman geography 608 $aElectronic books. 615 0$aGeographers 615 0$aHuman geography. 676 $a081 700 $aTuan$b Yi-fu$f1930-$0269770 801 0$bMiAaPQ 801 1$bMiAaPQ 801 2$bMiAaPQ 906 $aBOOK 912 $a9910452181303321 996 $aDear colleague$91929372 997 $aUNINA LEADER 04274nam 22006132 450 001 9910974639303321 005 20180709163545.0 010 $a9781856049931 010 $a1856049930 035 $a(CKB)2550000001186118 035 $a(EBL)1597156 035 $a(OCoLC)868272847 035 $a(SSID)ssj0001160722 035 $a(PQKBManifestationID)11648644 035 $a(PQKBTitleCode)TC0001160722 035 $a(PQKBWorkID)11122915 035 $a(PQKB)11415578 035 $a(MiAaPQ)EBC1597156 035 $a(UkCbUP)CR9781856049931 035 $a(Perlego)3259621 035 $a(EXLCZ)992550000001186118 100 $a20180524d2008|||| uy| 0 101 0 $aeng 135 $aur||||||||||| 181 $ctxt$2rdacontent 182 $cc$2rdamedia 183 $acr$2rdacarrier 200 10$aInformation rights in practice $ethe non-legal professional's guide /$fAlan Stead 210 1$aLondon :$cFacet,$d2008. 215 $a1 online resource (xx, 203 pages) $cdigital, PDF file(s) 300 $aTitle from publisher's bibliographic system (viewed on 05 Jul 2018). 311 08$a9781856046206 311 08$a1856046206 311 08$a9781306342384 311 08$a1306342384 320 $aIncludes bibliographical references and index. 327 $aIntroduction -- Data protection act of 1988 -- Definitions of personal data -- The scope of the Data Protection Act -- The data protection principles -- Access to personal data -- Data sharing -- The Freedom of Information Act 2000 and Environmental Information Regulations 2004, SI 2004/3391 -- Scope of the Freedom of Information Act 2000 and the Environmental Information Regulations 2004 -- Application of exemptions and exceptions -- The public interest test -- Publication schemes -- Compliance, the Information Commissioner and the Information Tribunal -- Disclosure logs -- Records management -- Section 46 code of practice -- Other legislation -- Interaction of the legislation -- Summary. 330 $aOverstretched professionals in every public authority are grappling with the chalk face implications of a raft of legislation relating to information use. This is the first book to offer a single point of reference and advice, which can be understood by the non-legal professional. The requirements of the relevant legislation are set out together with examples, flow-charts, and diagrams to illustrate and clarify how to apply the law in practice. This indispensable guide is a one-stop shop for all you need to know about information rights law, using relevant case studies to clarify and illuminate these tricky issues. Contents include: Data Protection Act 1998 - definitions of personal data; scope of the Act; the principles; access to personal data and data sharing; and, Freedom of Information Act 2000 and the Environmental Information Regulations 2004 - scope of the Acts; applications of exemptions/exceptions; public interest tests, publication schemes; and, disclosure logs and records management. It also includes: Regulation of Investigatory Powers Act 2000; Human Rights Act 1998; Re-use of Public Sector Information Regulations 2005; other non-information rights-related legislation; interaction of legislation; and, requests for information. A must-have for anyone working with information rights in public authorities and the private sector, this book is also a useful reference point for legal advisers, academics and students of information rights, as well as media professionals wanting to learn and understand how public authorities approach requests for information and the surrounding procedures. 606 $aFreedom of information$zGreat Britain 606 $aGovernment information$zGreat Britain 606 $aPublic records$xLaw and legislation$zGreat Britain 606 $aData protection$xLaw and legislation$zGreat Britain 615 0$aFreedom of information 615 0$aGovernment information 615 0$aPublic records$xLaw and legislation 615 0$aData protection$xLaw and legislation 676 $a342.410662 700 $aStead$b Alan$01617858 801 0$bUkCbUP 801 1$bUkCbUP 906 $aBOOK 912 $a9910974639303321 996 $aInformation rights in practice$93949243 997 $aUNINA